000 00542nam a2200193Ia 4500
005 20250508160727.0
008 008 250505s9999 xx 000 0 eng d
037 _aTextual
040 _aFEDL
_beng
_cFEDL
041 _aeng
_2eng
084 _a540, KAT
_qFEDL
100 _aKatyal R P...(et.al).
_9769210
245 0 _aFirst course in chemistry
250 _a5th Rev. Edition
260 _aRam Nagar, India
_bS Chand and Co (Pvt) Ltd
_c1972
300 _axii,486p
942 _cTEXL
_h540, KAT
999 _c1366272
_d1366272